Statistics for Nigeria 2018 FIFA World Cup Squad

Click here to take the quiz!

General Stats

  • This quiz has been taken 99 times
  • The average score is 9 of 24

Answer Stats

PositionPlayerClub% Correct
FWVictor MosesChelsea
87%
FWAhmed MusaCSKA Moscow
86%
FWKelechi IheanachoLeicester City
83%
MFWilfred NdidiLeicester City
80%
MFJohn Obi MikelTianjin TEDA
77%
FWAlex IwobiArsenal
77%
FWOdion IghaloChangchun Yatai
55%
DFLeon BalogunMainz 05
51%
MFJoel ObiTorino
42%
DFWilliam Troost-EkongBursapor
39%
GKFrancis UzohoDeportivo La Coruña
35%
MFOgenyi OnaziTrabzonspor
28%
MFOghenekaro EteboLas Palmas
28%
DFKenneth OmeruoKasımpaşa
28%
GKIkechukwu EzenwaEnyimba
19%
CoachGernot Rohr
19%
DFElderson EchiéjiléCercle Brugge
17%
DFShehu AbdullahiBursapor
13%
FWSimeon NwankwoCrotone
13%
GKDaniel AkpeyiChippa United
12%
DFBrian IdowuAmkar Perm
12%
DFChidozie AwaziemNantes
12%
MFJohn OguHapoel Be'er Sheva
10%
DFTyronne EbuehiADO Den Haag
9%

Score Distribution

Percentile by Number Answered

Percent of People with Each Score

Your Score History

You have not taken this quiz